The Quarterly journal of economics / (Record no. 1710)
[ view plain ]
| 000 -LEADER | |
|---|---|
| campo de control de longitud fija | 00783nas a2200229 i 4500 |
| 001 - NÚMERO DE CONTROL | |
| campo de control | 1710 |
| 003 - IDENTIFICADOR DE NÚMERO DE CONTROL | |
| campo de control | ES-MaACL |
| 005 - FECHA Y HORA DE LA ÚLTIMA TRANSACCIÓN | |
| campo de control | 20250721062537.0 |
| 007 - CAMPO FIJO DE DESCRIPCIÓN FÍSICA--INFORMACIÓN GENERAL | |
| campo de control de longitud fija | t| |
| 008 - DATOS DE LONGITUD FIJA--INFORMACIÓN GENERAL | |
| campo de control de longitud fija | 950801c1886 xxu | | 1 ||ng d |
| 080 ## - NÚMERO DE LA CLASIFICACIÓN DECIMAL UNIVERSAL | |
| Número de la Clasificación Decimal Universal | 73 |
| 245 04 - MENCIÓN DEL TÍTULO | |
| Título | The Quarterly journal of economics / |
| Mención de responsabilidad, etc. | published for Harvard University. |
| 260 ## - PUBLICACIÓN, DISTRIBUCIÓN, ETC. | |
| Lugar de publicación, distribución, etc. | Boston : |
| Nombre del editor, distribuidor, etc. | Georg H. Ellis, |
| Fecha de publicación, distribución, etc. | 1886- |
| 300 ## - DESCRIPCIÓN FÍSICA | |
| Extensión | 26 v. ; |
| Dimensiones | 25 cm. |
| 310 ## - PERIODICIDAD ACTUAL | |
| Periodicidad actual | Trimestral |
| 362 0# - FECHAS DE PUBLICACIÓN Y/O DESIGNACIÓN SECUENCIAL | |
| Fecha de publicación y/o designación secuencial | V. I (1886)- |
| 500 ## - NOTA GENERAL | |
| Nota general | Fecha de inicio de la publicación tomada de : Ulrich's international periodicals directory. 14th ed. 1971-72. |
| 650 17 - PUNTO DE ACCESO ADICIONAL DE MATERIA--TÉRMINO DE MATERIA | |
| Término de materia o nombre geográfico como elemento de entrada | Economía |
| Fuente del encabezamiento o término | embne |
| 9 (RLIN) | 12006 |
| 852 ## - LOCALIZACIÓN | |
| Ubicación | ES-MaACL |
| Número de control de estantería | Hem-355 |
| 866 #0 - MENCIÓN TEXTUAL DE FONDOS--UNIDAD BIBLIOGRÁFICA BÁSICA | |
| Fondos | 1892-1906(1906f.n.1)(1907f.n.2y3)1908-13(1914f.n.1)(1915f.n.1)(1916f.2-4),1933-34(1935f.n.4)1936. |
| Estatus retirado | Estado de pérdida | Estado de daño | No para préstamo | Colección | Biblioteca de origen | Biblioteca actual | Ubicación en estantería | Fecha de adquisición | Fuente de adquisición | Total de préstamos | Signatura topográfica completa | Código de barras | Visto por última vez | Precio de reemplazo | Tipo de ítem Koha |
|---|---|---|---|---|---|---|---|---|---|---|---|---|---|---|---|
| Periódicos y Revistas | Biblioteca del Ateneo de Madrid | Biblioteca del Ateneo de Madrid | Depósito 1 | 17/01/2008 | Hem-355 | 1001746 | 23/02/2023 | 23/02/2023 | Revista |
